Melting and Exploding in Movies Quiz Stats

Quiz Updated Feb 12, 2015

Challenge
Share
Tweet
Score 0/20 Timer 06:00
0 Plays Today
% Correct
The Wizard of Oz
95.3%
Ghostbusters
95%
Groundhog Day
91.4%
Pulp Fiction
89.5%
Frozen
86.3%
V for Vendetta
81.6%
Tropic Thunder
77.3%
Mars Attacks!
71%
Indiana Jones and the Raiders of the Lost Ark
70.5%
Terminator 2: Judgment Day
65.8%
% Correct
The Hurt Locker
65.2%
Men in Black
62.4%
Who Framed Roger Rabbit
61.6%
Predator
61.1%
Star Wars Episode III: Revenge of the Sith
59.7%
Jaws
53.2%
Frosty The Snowman
50.3%
The Dark Knight
42.5%
Total Recall
32.3%
X-Men: First Class
25.5%

You're not logged in!

Compare scores with friends on all Sporcle quizzes.
Sign Up with Email
OR
Log In

You Might Also Like...

Show Comments

Extras

Top Quizzes Today


Score Distribution

Your Account Isn't Verified!

In order to create a playlist on Sporcle, you need to verify the email address you used during registration. Go to your Sporcle Settings to finish the process.